| 000 | 00700nam a2200205 i 4500 | ||
|---|---|---|---|
| 001 | bg | ||
| 245 | 0 | 0 |
_aMacmillan English dictionary : _bfor advanced learners / _c[ed. Michael Rundell]. |
| 260 |
_aOxford : _bMacmillan Education, _c2006. |
||
| 300 |
_aXIV, 1692 s., 16 s. tabl. : _bil. (w tym kolor.) ; _c24 cm + _eCD ROM. |
||
| 650 | 9 | _aSłowniki angielskie | |
| 700 | 1 |
_aRUNDELL, Michael. _eRed. |
|
| 020 | _a0333966678 | ||
| 040 | _cBPK | ||
| 041 | 0 | _aeng | |
| 080 | _a811.111'374 | ||
| 920 | _a0-333-96667-8 | ||
| 942 | _cKS | ||
| 008 | s pl f |000 0 pol | ||
| 999 |
_c52514 _d52514 |
||